U. S. - Japan economic relations yearbook 1984-1985
Сохранить в:
| Формат: | |
|---|---|
| Язык: | Undetermined |
| Опубликовано: |
Washington, D. C.
The Japan Economic Institute
1985
|
| Предметы: | |
| Метки: |
Добавить метку
Нет меток, Требуется 1-ая метка записи!
|
| Thư viện lưu trữ: | Trung tâm Học liệu Trường Đại học Cần Thơ |
|---|
| LEADER | 00593nam a2200181Ia 4500 | ||
|---|---|---|---|
| 001 | CTU_82479 | ||
| 008 | 210402s9999 xx 000 0 und d | ||
| 082 | |a 337.52073 | ||
| 082 | |b U11 | ||
| 245 | 0 | |a U. S. - Japan economic relations yearbook 1984-1985 | |
| 260 | |a Washington, D. C. | ||
| 260 | |b The Japan Economic Institute | ||
| 260 | |c 1985 | ||
| 650 | |a United states,Japan | ||
| 650 | |x Foreign economic relations,Periodicals,Foreign economic relations,Periodicals | ||
| 650 | |z Japan,United states | ||
| 904 | |i Truc, QHieu | ||
| 980 | |a Trung tâm Học liệu Trường Đại học Cần Thơ | ||